Countries that are Free from CANADA - Statistics

General Stats
  • This quiz has been taken 1,070 times
    1,018 since last reset
  • The average score is 7 of 10
Answer Stats
Continent Answer % Correct
South America Peru
90%
Oceania Fiji
86%
North America Belize
81%
Africa Togo
69%
Africa Egypt
64%
Europe Kosovo
62%
Europe Belgium
59%
Europe Luxembourg
53%
Asia Turkey
47%
Africa Lesotho
42%
No matching quizzes found
Score Distribution
Percent of People with Each Score
Percentile by Number Answered
Your Score History
You have not taken this quiz since the last reset